Elektrická budúcnosť sa už začala

Svetová hospodárska kríza paradoxne pomohla uzrieť svetlo sveta viacerým prospešným myšlienkam. Jednou z nich je aj klasický elektromobil. Aké opatrenia by mohli urobiť elektromobily dostupnejšie.

Salvato in:
Dettagli Bibliografici
Autore principale: Marianyi, Peter
Natura: Capitolo di libro
Lingua:slovacco
Soggetti:
Tags: Aggiungi Tag
Nessun Tag, puoi essere il primo ad aggiungerne!!

MARC

LEADER 00000naa a2200000 4500
001 0126749
005 20231011122157.0
041 0 |a slo 
044 |a SK 
245 1 0 |a Elektrická budúcnosť sa už začala  |c Peter Marianyi 
520 |a Svetová hospodárska kríza paradoxne pomohla uzrieť svetlo sveta viacerým prospešným myšlienkam. Jednou z nich je aj klasický elektromobil. Aké opatrenia by mohli urobiť elektromobily dostupnejšie. 
610 2 0 |a automobily 
610 2 0 |a elektrina 
100 1 |a Marianyi, Peter